000 00424nam a2200181Ia 4500
001 18824
005 20260306171659.0
008 260306s9999||||xx |||||||||||||| ||und||
041 _aESP
082 _a658.5
_bN514 2014
100 _aNahmias, Steven
_eAUT
245 0 _aAnálisis de la producción y las operaciones
260 _c2014
300 _a
_c
650 _aGEN
654 _aCAN
942 _cLIB
_dJUS
_fJUS
_2ddc
_n
999 _c18824
_d18824